[Event "Biel Chess Festival"]
[Site "Biel"]
[Date "2007.08.01"]
[Round "8"]
[White "GM Van Wely, Loek(NED)"]
[Black "GM Carlsen, Magnus(NOR)"]
[Result "1-0"]
[WhiteElo "2680"]
[BlackElo "2710"]
[Annotator "Ëåáåäåâ Âàñèëèé"]
[PlyCount "119"]
[EventDate "2007.08.01"]

1. d4 Nf6 2. c4 e6 3. Nf3 d5 4. Nc3 Bb4 5. Bg5 O-O ({
Êîíöîâêà ñëåäóþùåé ïàðòèè òàê è íå áûëà âîññòàíîâëåíà...} 5... Nbd7 6. e3 c5
7. cxd5 exd5 8. Bd3 Qa5 9. Qc2 c4 10. Bf5 O-O 11. O-O Re8 12. Nd2 g6 13. Bh3
Kg7 14. Bh4 Nb6 15. Nb3 cxb3 16. axb3 Bxc3 17. Rxa5 Bxa5 18. Bxf6+ Kxf6 19. Qc5
Bxh3 20. gxh3 Bd2 21. Rd1 Bxe3 22. fxe3 Rxe3 23. Qc7 Kg7 24. Rf1 Rf8 25. Qxb7
Rxb3 26. Qxa7 Rxb2 27. Rf2 Rb1+ 28. Kg2 Nc4 29. Qe7 Rb3 30. Rf3 Rb2+ 31. Rf2
Rb6 32. Re2 Rf6 33. Rf2 Rd6 34. Kg3 Kg8 35. Rf6 Rxf6 36. Qxf6 Ne3 37. Qe5 Nf5+
38. Kf2 Rd8 39. Kg1 h5 40. Kf2 Ng7 41. Qc7 Ne6 42. Qa5 Rc8 43. Qxd5 Rd8 {
(0-1 Alekseev,E (2679) - Morozevich,A (2762)/Sochi RUS 2007).}) 6. e3 c5 7.
cxd5 exd5 8. Bd3 ({Õîòèò õîõìó óñëûøàòü? Îêàçûâàåòñÿ, «ñóïåð-, ïóïåð, ìåãà- è
âàùå» íîâèíêà, ïðèìåí¸ííàÿ Òîïàëîâûì ïðîòèâ Êàðëñåíà â Âåéê-àí-Çåå èìååò
î÷åíü äàâíþþ, ïî÷òè ñòîëåòíþþ èñòîðèþ!} 8. dxc5 Nbd7 9. Rc1 Qa5 10. a3
Bxc3+ 11. Rxc3 Ne4 12. b4 Nxc3 13. Qa1 Qc7 14. Qxc3 a5 {
Ïðàâäà, äàëüøå áåëûå çàãóáèëè ñâîþ ïîçèöèþ.} 15. Bd3 axb4 16. axb4 Re8 17.
O-O Ne5 18. Bf4 Nxf3+ 19. gxf3 Qd7 20. Kh1 Qh3 21. Rg1 Qxf3+ 22. Rg2 Bg4 23. h3
Qxh3+ 24. Kg1 Qf3 25. Bf5 h5 26. Qd4 Qd1+ 27. Qxd1 Bxd1 28. Kh2 Ra2 29. f3 Rea8
30. Rxa2 Rxa2+ 31. Kg3 Rb2 32. Bd6 Ba4 33. e4 g6 34. Bc8 Bc6 35. exd5 Bxd5 36.
Bd7 Bc6 37. Bxc6 bxc6 38. Kf4 f6 {
(0-1 Aguilera,J - Vilardebo Picurena,J/Barcelona 1929).}) 8... c4 9. Bc2 Nbd7
10. O-O Qa5 11. Rc1 (11. Ne5 Bxc3 12. bxc3 Nxe5 13. dxe5 Ne4 14. Be7 Re8 15.
Bb4 Qc7 16. Qxd5 Rxe5 17. Qd4 Bf5 18. Rad1 Ree8 19. Qd5 Bg6 20. Bxe4 Bxe4 21.
Qd6 Qc8 22. f3 Bd3 23. Rfe1 a5 24. Ba3 Ra6 25. Qf4 Rf6 26. Qh4 b5 27. Qf2 Rb6
28. e4 Rc6 29. Rd2 h6 30. h3 Rg6 31. Kh1 Rc6 32. e5 Qf5 33. Qg3 Rg6 34. Qh2
Rge6 35. f4 Rg6 36. Kg1 b4 37. cxb4 c3 38. Rf2 axb4 39. Bxb4 c2 40. Bd2 Rb8 41.
g4 Rb1 42. Bc1 Qe4 43. Rff1 Qd4+ 44. Qf2 Qc4 45. f5 Rc6 46. e6 Bxf1 47. e7 Rc8
48. Qxf1 Qxf1+ 49. Kxf1 Re8 50. a4 Rxe7 51. Rxe7 Rxc1+ 52. Kf2 Ra1 {
(0-1 Radjabov,T (2728) - Carlsen,M (2675)/Rishon Le Ziyyon 2006).}) 11... Bxc3
12. bxc3 Ne4 $146 ({Ðàíüøå èãðàëè òîëüêî} 12... Re8 13. Nd2 Ne4 14. Nxe4 dxe4
15. Bh4 Nb6 16. f3 Bf5 17. Bb1 Bg6 18. Qd2 Nd5 19. f4 f5 20. h3 Qa3 21. Kh2 {
(1/2 Williams,S (2452) - Logothetis,S (2298)/Kusadasi 2006).}) ({Íåëüçÿ} 12...
Qxc3 $4 13. Bxh7+) ({
Íî ñäà¸òñÿ ìíå, ÷òî òðåáóåò ïðîâåðêè íà ïðàêòèêå è «êîð÷íîâñêîå»} 12...
Qxa2 $5 {...}) 13. Bb1 Re8 14. Bf4 Nb6 15. Ne5 f6 ({Åñòåñòâåííî, «îïàñíî»} 
15... Nxc3 16. Bxh7+ $1 Kf8 (16... Kxh7 17. Qh5+ Kg8 18. Qxf7+ Kh7 19. Bh6 $1
$18) 17. Qh5 Be6 (17... Re7 18. Bc2 $1) 18. Rxc3 $1 Qxc3 19. Bf5 $18 {
, ïîòîìó ÷òî ó ÷¸ðíûõ êàòàñòðîôè÷åñêè ñëàá ïóíêò f7. Òî åñòü:} Ke7 20. Bxe6
Kxe6 21. Qxf7+ Kd6 22. a4 $3 $18 {, è ïîëó÷àåòñÿ ìàò!} {(} Rac8 23. Nxc4+ Kc6
24. Qg6+ Kd7 25. Qd6# {)}) 16. Qh5 Be6 ({
Òàêîå ó ìåíÿ ñëîæèëîñü âïå÷àòëåíèå, ÷òî âïîëíå íàä¸æíî} 16... Re7 {, òî åñòü}
17. f3 {(ðàçâå òóò åñòü èíîå?)} fxe5 18. dxe5 (18. Bxe5 Nf6 $1) 18... g6 $1 ({
íî íå} 18... Nxc3 19. Qxh7+ Kf8 20. Bg6 Be6 21. Bg5 $16) 19. Qh4 ({åñëè} 19.
Qh6 {, òî} Nd2 $1 ({ïîñëå} 19... Nxc3 20. Bg5 $1 {áåëûå, ïîõîæå, âíå îïàñíîñòè:
} Rf7 21. Bxg6 Ne2+ 22. Kf2 Rg7 23. Bxh7+ Rxh7 24. Qg6+ Rg7 25. Qe8+ Kh7 26.
Qh5+ Kg8 27. Qe8+ Kh7) 20. Bxg6 Qa3 $1 21. Rfd1 $140 Nxf3+ 22. Kf2 hxg6 23.
Qxg6+ Rg7 24. Qe8+ Qf8 {
, è òðóäíî îòûñêàòü òóò êîìïåíñàöèÿ çà îòñóòñòâóþùóþ ôèãóðó áåëûõ}) 19... g5
$1 20. Bxg5 ({ñëàáî} 20. Qh6 gxf4 21. fxe4 Qc5 $1) 20... Nxg5 21. Qxg5+ Rg7 22.
Qd8+ ({ìîæíî è «çàøåäåâðèòü»} 22. Bxh7+ Kxh7 23. Qh5+ Kg8 24. Qe8+) 22... Kf7
{è åñòü ëè òóò ÷òî-òî áîëüøå, íåæåëè âå÷íûé øàõ -} 23. Qf6+ {
áîëüøîé âîïðîñ...}) ({Åñëè æå} 16... Rf8 {, òî íàõîäèòñÿ êðàñèâîå} 17. Nc6 $1 {
, ñòàâÿùåå ñîïåðíèêà ïåðåä ïðîáëåìàìè -} Qa3 ({ñëàáåå} 17... bxc6 18. Bxe4 f5 (
18... dxe4 $4 19. Qxa5 $18) 19. Bf3 Qxa2 $140 20. Qg5 {, è, ïîêà ÷¸ðíûé ôåðçü
øëÿåòñÿ íåçíàìî ãäå, áåëûé, ïðè àêòèâíîì ñîó÷àñòèè ñëîíîâ, ãîòîâèò àòàêó íà
âðàæåñêîãî êîðîëÿ. Ïîêàçàòåëåí ñëåäóþùèé êîîîïåðàòèâíûé âàðèàíò:} Rf7 21. Bh5
g6 22. Be5 Bd7 23. Bxg6) 18. f3 $36 {(ïî êðàéíåé ìåðå).}) 17. f3 fxe5 ({
Åù¸ îäèí «êîîïåðàòèâ÷èê» ñ êó÷åé æåðòâ -} 17... g6 18. Nxg6 Nxc3 19. Rxc3
Qxc3 20. Qh6 Qb4 21. Nf8 $1 {è ò.ä.}) 18. Bxe5 Bf7 19. Qh3 Nf6 ({
Íå ÿâëÿåòñÿ ëó÷øèì è æåðòâîïðèíîøåíèå} 19... Rxe5 $5 {ââèäó ñëåäóþùåé èäåè:}
20. dxe5 Nxc3 ({èëè} 20... Ng5 21. Qf5 h6 22. h4 Be6 (22... Ne6 23. Qh7+ Kf8
24. f4 $1 $40) 23. Qg6 $1 Bf7 24. Qc2 $1 $16 {, ïðîðûâàÿñü íà h7 -} Ne6 25.
Qh7+ Kf8 26. f4 $1 {è ò.ä.}) 21. Qxh7+ Kf8 22. Qh8+ Ke7 23. Qxg7 ({
óêàæó è ìàëîäóøíîå} 23. Qh4+ Kf8 24. Qh8+ Ke7 25. Qh4+ Kf8 {
ñ ãàðàíòèðîâàííîé íè÷üåé}) 23... Ne2+ 24. Kh1 Nxc1 25. Qf6+ Ke8 26. e6 $1 Qa3
$8 27. Qxf7+ Kd8 28. e4 $1 ({ýíäøïèëü ïîñëå} 28. e7+ Qxe7 29. Qxe7+ Kxe7 30.
Rxc1 {ñëèøêîì ñëîæåí äëÿ îäíîçíà÷íîé îöåíêè. Íåò, òî ÷òî ó áåëûõ ëèøíÿÿ
ïåøêà îáíàðóæèòü ëåãêî...}) 28... d4 (28... Qe7 29. Qg8+ Kc7 30. Qg3+ {è ò.ä.})
29. Qf6+ Kc8 30. Qxd4 Nd3 {È òåïåðü ñëåäóåò òðóäíîíàõîäèìûé ìàí¸âð áåëîé ëàäüè.
} 31. Rd1 Qa4 (31... Qc5 32. Rxd3 $1) 32. Rg1 $3 Nb4 (32... Qa3 33. Bxd3 Qxd3
34. Qg7 $1 $18) 33. Qd6 Nc6 34. e7 {è ò.ä.}) 20. Bxf6 gxf6 21. Qh6 $1 {
È ÷¸ðíûé êîðîëü íèêóäà óáåæàòü íå ìîæåò.} Bg6 ({Èëè} 21... Be6 22. Bxh7+ Kf7
23. Bg6+ Ke7 24. Qg7+ Kd8 25. Bxe8 Kxe8 26. e4 $1 {
- ïîçèöèÿ âñêðûâàåòñÿ, êîðîëü ÷¸ðíûõ ïîãèáàåò...}) 22. Bxg6 hxg6 23. Qxg6+ Kf8
24. Qxf6+ Kg8 25. Qg6+ Kf8 26. Qf6+ Kg8 {Âàí Âåëè õîäû ïîâòîðèëè, øóãàíóëè
÷óòîê ïðèçðàê öåéòíîòà è íà÷àëè ðåàëèçîâûâàòü ñâîþ èäåþ.} 27. e4 ({
Íàâåðíîå, ìîæíî áûëî ïîãîíÿòü êîðîëÿ ïðîòèâíèêà ïî äîñêå} 27. f4 $5 Qa3 $1 ({
ñûãðàíî äëÿ òîãî, ÷òîáû ëàäüÿ áåëûõ ïðè êîðîëå íå ìîãëà âûñêî÷èòü âïåð¸ä; õîä
} 27... Rxe3 $2 {ñðàçó ïðîèãðûâàåò èç-çà} 28. f5 $18) 28. Qg6+ Kf8 29. f5 Ke7 (
29... Qe7 30. f6 Qf7 31. Qh6+ Kg8 32. Rf3 $18) 30. f6+ Kd7 ({èëè} 30... Kd8 31.
e4 $1 dxe4 $140 32. f7 Rf8 33. Rce1 {è ò.ä.} Qxc3) 31. Qh7+ Kc6 32. f7 Rf8 33.
e4 $1 {, è äî ýíäøïèëÿ ÷¸ðíûå ìîãëè è íå äîæèòü.}) 27... Qb5 28. Qg6+ Kf8 29.
Qf6+ Kg8 30. Qg6+ Kf8 {
Åù¸ ðàçî÷åê óñòðîèëè ïîâòîð è îïÿòü äâèíóëè âïåð¸ä ïåøêó -} 31. e5 Qc6 32.
Qf5+ Ke7 33. Qh7+ {Ëþê õî÷åò èãðàòü ýíäøïèëü...} (33. e6 $5) 33... Kd8 34. f4
Qd7 35. Qxd7+ Kxd7 {
È òåïåðü ñëåäóåò ñîâåðøåííî ëîãè÷íîå âçàèìíîå äâèæåíèå ïåøåê.} 36. g4 Rg8 37.
h3 Na4 38. Kg2 b5 39. Kg3 ({
Âïîëíå ìîæåò òàê ñëó÷èòüñÿ, ÷òî òåõíè÷íåå áûëî ñûãðàòü} 39. Rc2 a5 40. Rb1
Rab8 41. a3 $1 {
, è òîëüêî ïîòîì äâèãàòü ïåøå÷íóþ àðìàäó íà êîðîëåâñêîì ôëàíãå.}) 39... a5
40. a3 b4 41. cxb4 axb4 42. axb4 Nb2 {Êðèòè÷åñêàÿ ïîçèöèÿ.} ({
Rybka ñ÷èòàåò áîëåå óïîðíûì} 42... Rab8 $1 {Ïîãëÿäèì -} 43. Rce1 ({íî íå} 43.
Rb1 $2 Nc3 {è êîíü ïðîñêàêèâàåò íà ëó÷øåå ïîëå â ýòîé ïàðòèè - íà å4!}) 43...
Rxb4 44. f5 Nc3 $5 ({íà} 44... Ke7 {
ó áåëûõ â çàïàñå îòûñêèâàåò ïîèñòèíå ãðàíäèîçíàÿ èäåÿ -} 45. e6 $5 ({èëè} 45.
Rf3 $5 Rb3 $140 ({èëè} 45... c3 46. e6 Kf6 47. h4 $18) 46. f6+ Ke6 47. Ra1 Rb4
48. Rfa3 Ra8 49. g5 Rb3+ ({åñëè} 49... c3 {, òî} 50. Rxc3 Rxd4 51. Rc6+ Kd7 52.
Rac1 {è ò.ä.}) 50. Kf4 Rxa3 51. Rxa3 c3 52. Ra2 $1) 45... Rb3+ 46. Kf4 Nb2 47.
Ke5 $1 Nd3+ $140 48. Kxd5 Nxe1 49. f6+ $1 Kf8 50. Rxe1 c3 (50... Rxh3 $4 51.
Ra1) 51. Kc4 Rb8 (51... Ra3 52. d5 $1) 52. Kxc3 {
ñ âåñ¸ëûì òðåõëàäåéíûì ýíäøïèëåì}) 45. Kf4 Rb2 46. Rf3 (46. Ra1 Ne2+ 47. Ke3
Rgb8 $19) 46... Ne4 47. Ra3 Rf2+ 48. Ke3 Rh2 $132) 43. Rc3 Nd3 44. b5 Rgb8 45.
Rb1 Ra5 46. f5 Raxb5 47. Rxb5 Rxb5 48. e6+ ({Â ñëó÷àå} 48. Ra3 {÷¸ðíûå ìîãëè
ïîïûòàòüñÿ ïåðåâåñòè èãðó â ôåðçåâûé ýíäøïèëü, â êîòîðîì îíè «ñèäåëè» âñåãî
ëèøü áåç ïåøå÷êè. -} Nc5 $5 ({èëè} 48... Nxe5 49. Ra7+ $1 Kd6 50. dxe5+ Kxe5
51. Re7+ {â íàäåæäå íà íè÷åéíóþ ìàãèþ «ëàäåéíèêà»}) 49. dxc5 $140 $6 ({
ïðàâèëüíî, íàâåðíîå,} 49. Kf4 $1) 49... Rb3+ 50. Rxb3 cxb3 51. f6 b2 52. c6+ $1
Kxc6 53. f7 b1=Q 54. f8=Q Qe1+ 55. Kg2 Qxe5 {è ò.ä.}) 48... Ke7 $2 {
Ïîõîæå, ÷òî ðåøàþùàÿ îøèáêà.} ({Êàðëñåíó ñëåäîâàëî çàäåéñòâîâàòü âñå ñâîè
êîçûðè - ïåøêó «ñ» è, íàêîíåö, «ëèøíþþ» ôèãóðó!} 48... Kd6 $1 {
(íå ïîäñòàâëÿÿñü ïîä ëàâèíó áåëûõ ïåøåê)} 49. Ra3 Nb4 50. g5 Nc6 51. Kg4 ({èëè
} 51. Ra6 Rb8 52. f6 c3 53. e7 c2 54. Rxc6+ $1 {Âûíóæäåíî, íî êðàñèâî.} Kxc6
55. f7 Kd7 $1 (55... c1=Q 56. e8=Q+ {- øàõ!}) 56. f8=Q c1=Q $3 57. Qxb8 Qxg5+ {
ñ âå÷íûì øàõîì}) 51... Rb7 ({íåëüçÿ} 51... Nxd4 52. Ra6+ Ke7 53. f6+ Kd8 54.
Ra8+ Kc7 55. e7 $18) 52. g6 Nxd4 53. Kg5 Rb3 $1 ({ïîñëå} 53... Nxe6+ {
÷¸ðíûå ïðîèãðûâàþò:} 54. fxe6 Kxe6 55. Ra6+ $1 ({âàæíûé øàõ; â ñëó÷àå} 55.
Kh6 {ñëåäóåò} d4 $1 $11 {, òî åñòü:} 56. Ra4 Kd5 57. Ra5+ Kd6 58. Ra4 Kd5 {
À âîò} 59. g7 $4 {äàæå ïðîèãðûâàåò:} Rxg7 60. Ra5+ ({èëè} 60. Kxg7 d3 $19)
60... Ke4 61. Rc5 d3 62. Rxc4+ Ke3 63. Kxg7 d2 $19) 55... Ke5 (55... Ke7 56. g7
) 56. Rc6 $1 {Àòàêóÿ íàèáîëåå ïðîäâèíóòóþ ïåøêó. È ÷¸ðíûì - êàþê (ÈÌÕÎ).})
54. Rxb3 cxb3 55. g7 Nxe6+ $1 56. fxe6 b2 57. g8=Q b1=Q {
È åñëè ïîïûòàòüñÿ ñîõðàíèòü ëèøíþþ ïåøêó, òî ïîëó÷àåòñÿ íè÷üÿ -} 58. Qf7
Qg1+ 59. Kh5 Qd1+ 60. Kg6 Qg1+ 61. Kh7 ({â ñëó÷àå} 61. Kh6 Qe3+ 62. Kg6 Qxe6+
{îñìûñëåííàÿ èãðà ïðåêðàùàåòñÿ}) 61... Qg5 $1 62. Qd7+ $140 Ke5 63. e7 Qh5+ 64.
Kg8 Qg6+ 65. Kf8 Qh6+ 66. Ke8 Qh8+ 67. Kf7 Qh7+ 68. Kf8 $11) 49. Ra3 Rb7 {
Âèäèòå? Îò «áîêîâóøå÷íîãî» (è ñìåðòåëüíîãî) øàõà ëàäü¸é ïðèõîäèòñÿ ëàäü¸é
æå è çàùèùàòüñÿ} 50. g5 Nb4 51. Re3 $1 $18 Nc6 52. f6+ {È òåïåðü ÷¸ðíûé
êîðîëü ë¸ãêèì èñïóãîì, êàê ïîïàâøèé ïîä ëîøàäü Î. Áåíäåð, íå îòäåëàåòñÿ.} Kd6
53. Kg4 ({Ïåøêè-«çâåðè» ïîÿâëÿëèñü íà äîñêå ïîñëå} 53. g6 Ne7 $5 (53... Nxd4
54. f7) 54. g7 Nf5+ 55. Kf4 Nxe3 (55... Nxg7 56. e7 $1 $18) 56. e7 Rb8 57.
e8=N+ {(øóòêà þìîðà)} Rxe8 58. f7 $18) 53... c3 54. e7 ({Èëè} 54. g6) 54... c2
({Èëè} 54... Nxe7 55. fxe7 Rxe7 56. Rxc3 Re4+ 57. Kf5 Rxd4 58. g6 $18) 55. Rc3
({Ìîæíî áûëî èãðàòü} 55. e8=Q c1=Q 56. Re6+ Kc7 57. f7 {
, è îò âñåâîçìîæíûõ øàõîâ áåëûé ìîíàðõ ñïðÿ÷åòñÿ íà h6.}) 55... Rb8 56. Rxc2
Nxd4 ({Åñëè} 56... Nxe7 57. fxe7 Kxe7 {, òî õîòÿ áû} 58. Re2+ Kf7 59. Re5) 57.
Rb2 $1 Rc8 58. g6 Ne6 59. Rb6+ Kd7 60. Rb7+ {, è ÷¸ðíûå ñäàëèñü.} (60. Rb7+
Nc7 (60... Ke8 61. f7#) (60... Rc7 61. g7) 61. g7 Ke6 62. Rxc7 $1) 1-0

[Event "Biel Chess Festival"]
[Site "Biel"]
[Date "2007.08.01"]
[Round "8"]
[White "GM Onischuk, Alexander(USA)"]
[Black "GM Avrukh, Boris(ISR)"]
[Result "1-0"]
[WhiteElo "2650"]
[BlackElo "2645"]
[Annotator "Ëåáåäåâ Âàñèëèé"]
[PlyCount "107"]
[EventDate "2007.08.01"]

1. d4 Nf6 2. c4 g6 3. Nc3 d5 4. Nf3 Bg7 5. Qb3 dxc4 6. Qxc4 O-O 7. e4 Nc6 8.
Be2 Bg4 9. d5 Na5 10. Qb4 Bxf3 11. Bxf3 c6 12. O-O Qb6 13. Qa4 Nd7 14. Rd1 Rfd8
$146 (14... Nc5 15. Qc2 Nc4 16. Be2 Qb4 17. a3 Qb3 18. Qxb3 Nxb3 19. Rb1 Nb6
20. Be3 cxd5 21. Nxd5 Nxd5 22. Rxd5 b6 23. f3 Rfc8 24. Bd1 Na5 25. b3 e6 26.
Rd3 Bf8 27. Ra1 Rd8 28. Rxd8 Rxd8 29. Kf2 Bxa3 30. Rxa3 Rxd1 31. b4 Nc4 32.
Rxa7 Nxe3 33. Kxe3 Rb1 34. h4 Rxb4 35. Kf4 Kg7 36. g4 Rb1 37. g5 b5 38. Rb7 b4
39. Ke5 b3 40. Kd6 Rd1+ 41. Ke7 Rd3 42. f4 Rf3 43. e5 Rxf4 44. Rxb3 Rf5 45. Re3
h6 46. gxh6+ Kxh6 47. Re4 Kh5 48. Kf8 g5 49. hxg5 Kg6 50. Ke7 Kxg5 51. Kd6 Rf4
52. Re1 Kf5 53. Ke7 Re4 54. Rh1 Ra4 55. Rh5+ Kg6 56. Rh1 Rf4 57. Rg1+ Kf5 58.
Kxf7 Kxe5+ 59. Kg6 Re4 60. Kg5 Re2 61. Rg4 Re1 62. Ra4 Rg1+ 63. Kh4 Kf5 64. Kh3
e5 65. Kh2 Rg8 66. Ra1 Kf4 67. Rf1+ Ke4 68. Re1+ Kd4 {
(1/2 Kasimdzhanov,R (2704) - Sutovsky,E (2651)/Batumi 2001).}) 15. Qc2 Rac8 16.
Be3 Qb4 17. dxc6 bxc6 18. Be2 Nc4 19. Bxc4 Qxc4 20. Rac1 (20. Bxa7 c5) 20...
Nb6 {Âîò îòñþäà è íà÷í¸ì ïîïîäðîáíåå.} 21. h3 {
Ôîðòî÷êà, íà âñÿêèé ïîæàðíûé...} Bxc3 {
Ñëèøêîì ðüÿíîå ñòðåìëåíèå ê íè÷üåé? Âèäèìî, äà...} (21... Qb4 $5) 22. Rxd8+ $1
{Âàæíûé õîä, ïîñëå êîòîðîãî ÷¸ðíûå âûíóæäåíû ñíÿòü îäíó çàùèòó ñ ïåøêè ñ6.}
Rxd8 23. Qxc3 ({Íåïëîõî, ïîõîæå, áûëî è} 23. b3 $5 Qd3 $140 24. Qxc3 Qxe4 25.
Qxc6 Qxc6 26. Rxc6 Rc8 27. Rxc8+ Nxc8 {, è ÷åëîâåê, ñ êâàëèôèêàöèåé ïîâûøå,
÷åì ó ìåíÿ, âïîëíå ìîæåò çàÿâèòü: «ïðè ìî¸ì ïîíèìàíèè øàõìàò, ñ÷èòàþ ýòó
ïîçèöèþ âûèãðàííîé äëÿ áåëûõ». ß æå âñåãî ëèøü îòìå÷ó, ÷òî ñëîí çäåñü ÿâíî
ñèëüíåå êîíÿ.}) 23... Qxa2 {Î÷åíü ñìåëî, íî ïî-ìîåìó, áåçðàññóäíî ñûãðàíî.} ({
Ïîñëå} 23... Qxe4 24. Qxc6 Qe5 $1 {
î÷åíü óæ áîëüøîãî ïåðåâåñà áåëûõ ÿâíî íå íàáëþäàåòñÿ.}) 24. b3 {Ãðîçèò à) Ra1
ñ âûèãðûøåì ïåøêè íà à7, è á) ïî÷òè ìàòîâàÿ àòàêà ïîñëå  Qe5 è Bh6.} Qe2 (
24... Qa3 $2 25. Bc5) (24... Qa6 25. Qe5 $1 (25. Qxc6 $4 Rc8) 25... Qb7 26. Bh6
f6 27. Qe6+ Kh8 28. e5 $1) 25. Qe5 $1 {Ïðåêðàñíûé çàìûñåë! Àæ çàâèäíî ñòàëî!}
Rd1+ (25... e6 26. Bh6 $18) ({Èëè} 25... Qd3 26. Qxe7 Nc8 27. Qc7 $16) 26. Kh2
({Åñòåñòâåííî, íå} 26. Rxd1 Qxd1+ 27. Kh2 Qd6 {
, è áåëûå «óâåðåííî» ñòîÿò íà ïðîèãðûø.}) 26... Rxc1 27. Qxe7 $3 {
Ñêàçî÷íûé «ïðîìåæóòîê»!} ({
Íåò àáñîëþòíî íè÷åãî ó áåëûõ ïîñëå àâòîìàòè÷åñêîãî è «åñòåñòâåííîãî»} 27.
Bxc1 Qd1 28. Ba3 Nd7 $1 29. Qc3 c5 30. Bxc5 $140 Nxc5 31. Qxc5 Qxb3 {è ò.ä.})
27... Rh1+ $1 {Ïðèõîäèòñÿ ïåðåõîäèò â òðóäíûé ýíäøïèëü, îòäàâàÿ âñ¸
«íàãðàáëåííîå», íî èíîãî íå áûëî.} ({Íàïðèìåð,} 27... h6 28. Qe8+ Kg7 29.
Bd4+ f6 30. Qe7+ Kg8 31. Qxf6 $18) ({Èëè} 27... Qd1 28. Bh6 {
ñ íåèçáåæíûì è ñêîðûì ìàòîì.}) 28. Kxh1 ({Íå ïðîõîäèò} 28. Kg3 Qd3 $19) 28...
Qd1+ 29. Kh2 Qd7 {÷¸ðíûå óìóäðèëèñü ïîêà íå ïðîèãðàòü ìàòåðèàëà, íî çèÿþùàÿ
ïóñòîòà äèàãîíàëè a1-h8 ñêîðî çàïîëíèòñÿ âåñüìà íåäðóæåëþáíûìè áåëûìè ôèãóðàì.
} 30. Qf6 Qe6 31. Qd8+ Kg7 32. Bd4+ f6 (32... Kh6 33. Qh4#) 33. Qc7+ Nd7 34.
Qxa7 g5 {Ïîçèöèÿ ÷¸ðíûõ î÷åíü òÿæ¸ëàÿ, íî ïðîèãðàííîé îíà, âåðîÿòíî,
ñòàíîâèòñÿ òîëüêî ïîñëå ýòîãî õîäà.} ({Êîíå÷íî, íåëüçÿ} 34... Qxe4 $4 35.
Qxd7+) ({Íàâåðíîå, óïîðíåå áûëî} 34... Kf7 {, íå ä¸ðãàÿñü.}) 35. Qc7 Kg6 36. f3
({À íå ñèëüíåå ëè áûëî íåìåäëåííîå} 36. f4 gxf4 37. Qxf4 Qxb3 $140 38. Qg4+ {?}
) 36... h5 (36... Ne5 $5) 37. f4 $1 gxf4 38. Qxf4 Kf7 (38... Qxb3 $4 {
È ñíîâà ïåøêà íåïðèêîñíîâåííà -} 39. Qf5+) 39. b4 Kg6 40. Be3 Qe5 41. Kg3 Qxf4+
42. Kxf4 {Òåïåðü óæ òî÷íî «+-».} Nf8 ({
Íè÷åãî, ïî-ìîåìó, êàðäèíàëüíî íå ìåíÿëî è «àêòèâíîå»} 42... Ne5 {
, ïîñëå ÷åãî áåëûå òîæå ïîáåæäàëè ïóò¸ì} 43. Bc5 {
ñî ñëåäóþùåé öóãöâàíãîâîé èäååé:} Nd3+ 44. Ke3 Ne5 45. Bd4 Nf7 {
(«ïåøå÷íèê», ðàçóìååòñÿ, ïðîèãðàí)} 46. h4 Nd6 47. Kf4 f5 $140 (47... Nf7
48. g4 {è ò.ä.}) 48. Bc5 $3 Nxe4 49. Ke5 $22 {
- è ïðîòèâíèê íå â ñèëàõ çàùèòèòü ñâîè ñëàáûå ïåøêè.}) 43. g4 Ne6+ ({Èëè} 43...
hxg4 44. Kxg4 Ne6 45. h4 Ng7 46. Bc5 Ne6 47. h5+ Kg7 48. Kf5 Nd8 (48... Ng5 49.
e5) 49. h6+ Kxh6 50. Kxf6 $18) ({À íà} 43... h4 {ñëåäóåò} 44. e5 $1 ({íî íå} 
44. Bf2 Ne6+ 45. Ke3 Ng5 $132) 44... Ne6+ 45. Ke4 Kf7 (45... fxe5 46. Kxe5 {
, ïðîðûâàÿñü ê ïåøêå d6}) 46. Bd4 Ng5+ 47. Kf5 Ne6 (47... Nxh3 48. exf6 $18)
48. Bc3 Ng7+ 49. Ke4 fxe5 50. Kxe5 Ne6 51. Be1 Ng5 52. Kd6 $18) 44. Kg3 hxg4
45. Kxg4 {Ïðîõîäíàÿ ïî ëèíèè «h» ðåøàåò.} Ng7 46. h4 Nh5 47. Bd4 Ng7 ({
Ñþðïëÿñ ÷¸ðíîãî êîðîëÿ òîæå íå ñïàñàåò:} 47... Kh6 48. Bc5 Kg6 49. Bf8 $1 {
- è âñ¸.}) 48. Bc5 Ne6 49. h5+ Kf7 50. h6 Ng5 ({Èëè} 50... Kg6 51. h7 Kxh7 52.
Kf5 Ng5 53. e5 $1 ({íî íå} 53. Kxf6 Nxe4+ 54. Ke6 Nc3 55. Kd6 Nd5 56. Kxc6
Nxb4+ 57. Bxb4 $11)) 51. Kf5 Nf3 52. Bf2 Nd2 {
Ïåøêà f6 â ëþáîì ñëó÷àå - íå æèëåö.} ({Íàïðèìåð,} 52... Ne5 53. Bd4 Nd7 54.
Bc3 $22) 53. Bd4 Nc4 54. Bxf6 ({Ñëîí  (ïîñëå} 54. Bxf6 {) âîâñå íå òåðÿåòñÿ:}
Nd6+ 55. Ke5 ({ìîæíî è} 55. Kf4 Kxf6 $140 56. e5+) 55... Nc4+ 56. Kd4 $1 (56.
Kf5 Nd6+) 56... Nd6 57. h7 $18) 1-0

[Event "Biel Chess Festival"]
[Site "Biel"]
[Date "2007.08.01"]
[Round "8"]
[White "GM Grischuk, Alexander(RUS)"]
[Black "GM Polgar, Judit(HUN)"]
[Result "1/2-1/2"]
[WhiteElo "2726"]
[BlackElo "2707"]
[Annotator "Ëåáåäåâ Âàñèëèé"]
[PlyCount "143"]
[EventDate "2007.08.01"]

1. e4 e5 2. Nf3 Nf6 3. Nxe5 d6 4. Nf3 Nxe4 5. d4 d5 6. Bd3 Nc6 7. O-O Be7 8. c4
Nb4 9. cxd5 Nxd3 10. Qxd3 Qxd5 11. Re1 Bf5 12. Ne5 Nd6 13. Nc3 Qa5 14. Qe2 O-O
15. b4 Qa6 (15... Qxb4 16. Nd5) 16. Qxa6 bxa6 17. Nd5 Bd8 18. Nc6 Be6 19. Nde7+
Bxe7 20. Nxe7+ Kh8 21. d5 Rae8 22. Bg5 h6 23. dxe6 hxg5 24. exf7 Rxf7 25. Nc6
Rxe1+ 26. Rxe1 Rf4 27. Rc1 g4 28. g3 Re4 29. Kf1 a5 30. bxa5 Ra4 31. Nxa7 Rxa5
32. Nc6 Rxa2 33. Ne5 Ra4 34. Rxc7 Ne4 35. Kg2 Nf6 36. Nf7+ Kh7 37. Ng5+ Kh6 38.
Ne6 Ra2 39. Nxg7 Kg6 40. Ne6 Nd5 41. Rc1 Rd2 42. Re1 Kf5 43. Re2 Rd1 44. Nc5
Nf6 45. h3 gxh3+ 46. Kxh3 Rd4 47. Kg2 Rd6 48. f3 Rd4 49. Ne4 Nd5 50. Rd2 Rxd2+
51. Nxd2 Kg5 {Äîëãî ëè, êîðîòêî ëè, íî áåëûå äîáèëèñü ñëåäóþùåãî âûèãðûøíîãî
(è â ýòîì íåò ñîìíåíèé) ïîëîæåíèÿ. Îäíàêî ïîáåäà îò íèõ óñêîëüçíóëà. Äàâàéòå
ïîïðîáóåì ðàçîáðàòüñÿ ïî÷åìó, êàê è ãäå.} 52. Kf2 Kf5 53. Nc4 Nb4 54. Ke2 Nc6
55. Ke3 Ne7 56. Nb2 Nd5+ 57. Kf2 Nf6 58. Nd3 Kg5 59. f4+ {
Äëÿ ïîáåäû ïåøêè äîëæíû èäòè âïåð¸ä...} Kg4 60. Ne5+ Kh3 $1 {
Êàê ìíå êàæåòñÿ, åäèíñòâåííûé øàíñ ÷¸ðíûõ!} ({Ïîñëå} 60... Kh5 61. Kf3 {
ïåøå÷íàÿ ôàëàíãà áåëûõ ãîòîâà, ïîäòÿíóòü îòñòàþùèõ (g3-g4) è ñäåëàòü åù¸
îäèí äðóæíûé øàã âïåð¸ä.}) 61. Kf3 $2 {
Çåâàÿ ñëåäóþùèé, ÿâíî «øåäåâðàëüíûé» îòâåò ïðîòèâíèêà.} ({Ñ ïîìîùüþ ýíäøïèëüíûõ
òàáëèö ëåãêî óñòàíîâèòü, ÷òî çäåñü åäèíñòâåííî âûèãðûâàþùèì ÿâëÿåòñÿ
ïðîäîëæåíèå} 61. f5 $3 Ne4+ $140 ({íà} 61... Kh2 {ìîæíî õîòÿ áû} 62. g4 {è ò.ä.
}) 62. Kf3 Nxg3 63. f6 Nf5 64. f7 Nd4+ 65. Kf4 Ne6+ 66. Kf5 Nf8 67. Kf6 Kg3 68.
Ke7 Nh7 69. Nd7 $18) 61... Ng4 $3 $11 62. Nd3 ({Â ñëó÷àå} 62. Nxg4 {
ïîëó÷àåòñÿ ïàò!}) ({Âñ¸ æå ïîñëå} 62. Nc4 $1 {çàäà÷à ÷¸ðíûõ áûëà òîæå íå
ñëèøêîì ñëîæíà, õîòÿ èãðàòü íàäî î÷åíü òî÷íî! ×òî ïîäåëàåøü, ýòî óæå
÷èñòàÿ ìàòåìàòèêà: øàã âëåâî, øàã âïðàâî îò ãëàâíîé ëèíèè è ïèøè ïðîïàëî.}
Nh2+ 63. Ke4 $1 Nf1 $8 (63... Kxg3 64. Ne5 $1 {
, è ïåøêà ïðîõîäèò â ôåðçè èëè ïðîèãðûâàåòñÿ «ïåøå÷íèê» ïîñëå} Kh4 65. Nf3+
Nxf3 66. Kxf3 Kh5 67. Ke4 $1) 64. g4 Kxg4 65. Ne3+ Nxe3 66. Kxe3 Kf5 {
, è îöåíèòü ýòó ïîçèöèþ, êàê âûèãðûøíóþ ìîæåò òîëüêî Rybka èëè ðåôîðìàòîð
Ýäâàðäñ!}) 62... Nh2+ 63. Ke4 Ng4 ({
Âñ¸-òàêè ñïîñîá ïðîõîäà áåëîé ïåøêè â ôåðçè ïîñëå} 63... Kxg3 64. Ne5 $1 {
ñòîèò, ïî-ìîåìó, óêàçàòü:} Nf1 65. f5 Kh3 66. f6 Ng3+ 67. Kd5 Nh5 68. f7 Nf6+
69. Ke6 Nh7 70. Ke7 (70. Nd7 Ng5+) 70... Kh4 71. Nd7 Kg5 {
, è çäåñü ìîæíî äàæå «æåðòâàíóòü» -} 72. Nf6 $1 ({ïðîùå} 72. Nf8) 72... Nxf6
73. f8=Q {è ò.ä.}) 64. Ne5 Nf6+ ({Ðàâíîöåíåí è øàõ} 64... Nf2+) 65. Kf3 Ng4 $3
66. Nc4 {Àëåêñàíäð èñïûòûâàåò ïîñëåäíèé øàíñ.} Nh2+ 67. Ke4 Nf1 $8 (67... Kxg3
68. Ne5 $1 $18) 68. Ne3 Nxg3+ 69. Ke5 Kh2 ({Èëè} 69... Nh5 70. f5 Kh4 $11) 70.
Kd6 ({Åñëè} 70. Nf1+ {, òî} Nxf1 71. f5 Ne3 $1 72. f6 Ng4+) ({Ïîñëå æå} 70. Nc4
{÷¸ðíûì íàäî ïðîÿâëÿòü õëàäíîêðîâèå, ìàíåâðèðóÿ êîðîëÿì ïîáëèçîñòè, íî íå
îêîëî áåëîé ïåøêè:} Kg2 71. Nd2 Kh2 72. Ne4 Nh5 73. f5 Kh3 74. Nd6 Kg4 75. Ne4
Kh3 $11) ({Íó, è óêàæó} 70. Ke6 Nh5 71. f5 Ng7+) 70... Nh5 71. f5 Ng7 72. f6 ({
Ââèäó î÷åâèäíîãî} 72. f6 Ne8+ {ïîñëåäîâàëî ñîãëàøåíèå íà íè÷üþ.}) 1/2-1/2